000 00654nam a2200253Ia 4500
003 OSt
005 20220924124139.0
006 a|||||r|||| 00| 0
007 ta
008 220923b |||||||| |||| 00| 0 hin d
020 _a8187368624 (hbk)
024 _a161595
037 _cTextual
040 _aARTS
_cARTS
_bhin
041 _2hin
_ahin
082 _aO15,1D40,3, 152P1
100 _aKalidasa
245 0 _aMeghaduta
260 _aNew Delhi
_b Naman Prakashan India
_c2001
300 _a160p.
_ccm.
650 _aENGLISH LITERATURE
942 _hO15,1D40,3, 152P1
_cTEXL
_2CC
999 _c418598
_d418598